Normal view MARC view
  • Viera, Silvia,

Entry Nombre Personal

Number of records used in: 1

001 - NUMERO DE CONTROL

  • campo de control: 44397

003 - IDENTIFICADOR DE NUMERO DE CONTROL

  • campo de control: DLC

005 - FECHA Y HORA DE LA ÜLTIMA TRANSACCIÓN

  • campo de control: 20220510085442.0

008 - DATOS DE LONGITUD FIJA

  • campo de control de longitud fija: 220510n| acannaabn |n aaa

010 ## - NÚMERO DE CONTROL DE LA BIBLIOTECA DEL CONGRESO

  • Número de control LC: n 2002069703

040 ## - FUENTE DE CATALOGACIÓN

  • Agencia original de catalogación: DLC
  • Lenguaje de catalogación: spa
  • Agencia de transcripción: DLC
  • Agencia que lo modifica: MX-MxUPN

046 ## - FECHAS CON CODIFICACIÓN ESPECIAL

  • Fecha de nacimiento: 1952

100 1# - ENCABEZAMIENTO - NOMBRE PERSONAL

  • Nombre personal: Viera, Silvia,
  • Fechas asociadas con el nombre: 1952-

370 ## - LUGAR ASOCIADO

  • Place of birth: Buenos Aires (Argentina)

375 ## - GÉNERO

  • Gender: femenino

377 ## - LENGUA ASOCIADA

  • Language code: spa

670 ## - FUENTE EN LA QUE SE LOCALIZARON DATOS

  • Cita de la fuente: Burlón y compadrito, 1996:
  • Información localizada: portada (Silvia Viera) página 127 (n. spring 1952, Buenos Aires)

902 ## - CATALOGADOR

  • Catalogador: NDAF/220510